[Event "Wch U16 Girls"]
[Site "Mamaia"]
[Date "2022.09.16"]
[Round "11"]
[White "Jain, Ankita"]
[Black "Sala, Giulia"]
[Result "1/2-1/2"]
[WhiteElo "1429"]
[BlackElo "2004"]
[PlyCount "161"]
[EventDate "2022.09.06"]
[EventType "swiss"]
[EventRounds "11"]
[EventCountry "ROU"]
[SourceTitle "CBM 210 Extra"]
[Source "ChessBase"]
[SourceDate "2022.11.30"]
[SourceVersion "1"]
[SourceVersionDate "2022.11.30"]
[SourceQuality "1"]

1. d4 d5 2. c4 c6 3. Nc3 Nf6 4. e3 e6 5. Nf3 Nbd7 6. b3 Bd6 7. Bb2 0-0 8. Be2 Qe7 9. 0-0 dxc4 10. bxc4 e5 11. Re1 Bc7 12. Nd2 exd4 13. exd4 Qd6 14. Nf1 Rd8 15. Bf3 Nf8 16. d5 Qf4 17. Qb3 cxd5 18. Nxd5 Nxd5 19. Bxd5 Ne6 20. g3 Qd6 21. Ne3 Nc5 22. Qc3 Qh6 23. Bc1 Qh5 24. Bb2 Qg5 25. Rad1 Na4 26. Qb3 Nxb2 27. Qxb2 Bb6 28. Qb5 Qf6 29. c5 Bd7 30. Qb4 Qe7 31. Qc4 Qxc5 32. Bxf7+ Kh8 33. Qe4 Bc6 34. Qh4 Rd4 35. Rxd4 Qxd4 36. Qe7 Bc5 37. Qe6 Rf8 38. Rd1 Qa4 39. Rc1 Qa3 40. Rc4 Bxe3 41. fxe3 Qxa2 42. e4 Qa1+ 43. Kg2 Qf6 44. Qxf6 gxf6 45. Bd5 Rc8 46. Kf3 Kg7 47. Be6 Rd8 48. Bd5 Rd6 49. Rb4 b6 50. Rc4 Bd7 51. Rc7 a5 52. Ke3 Kf8 53. Kd4 Ke7 54. e5 fxe5+ 55. Kxe5 Rh6 56. Rb7 b5 57. h3 a4 58. Be4 Re6+ 59. Kd5 Rd6+ 60. Kc5 Re6 61. Bxh7 Re5+ 62. Kb4 Rd5 63. Bg8 Rd4+ 64. Kc3 Rd1 65. Kc2 Rg1 66. Bh7 Kd6 67. Bd3 Rg2+ 68. Kb1 Bc6 69. Rb6 Rxg3 70. Be4 Rxh3 71. Rxc6+ Ke5 72. Bc2 Kd5 73. Ra6 Kc4 74. Bxa4 bxa4 75. Rc6+ Kb3 76. Rb6+ Ka3 77. Ka1 Rh1+ 78. Rb1 Rh2 79. Rb2 Rh3 80. Rb1 Rb3 81. Rb2 1/2-1/2

[Event "Quebec-ch U12"]
[Site "Montreal"]
[Date "2018.01.14"]
[Round "5"]
[White "Jain, Ankita"]
[Black "Mellon Ruel, Clarelie"]
[Result "1-0"]
[WhiteElo "1264"]
[BlackElo "1155"]
[PlyCount "139"]
[EventDate "2018.01.12"]
[EventType "swiss"]
[EventRounds "5"]
[EventCountry "CAN"]
[SourceTitle "EXT 2022"]
[Source "ChessBase"]
[SourceDate "2021.10.06"]
[SourceVersion "1"]
[SourceVersionDate "2021.10.06"]
[SourceQuality "1"]

1. e4 e5 2. Nf3 Nc6 3. Bc4 g6 4. d3 Bg7 5. Be3 Nf6 6. Nc3 0-0 7. h3 a6 8. a3 b5 9. Bb3 Na5 10. Ba2 Qe7 11. Bd5 c6 12. Ba2 b4 13. axb4 Qxb4 14. Bb3 Nxb3 15. cxb3 d5 16. exd5 Nxd5 17. Bd2 e4 18. Nxe4 Qb6 19. Qc2 Nb4 20. Bxb4 Qxb4+ 21. Nfd2 Bb7 22. Ra4 Qb5 23. 0-0 Qd5 24. Nf3 f5 25. Nc5 Rab8 26. Qc4 Rfd8 27. Ne6 Rd7 28. Nxg7 Kxg7 29. Qxd5 Rxd5 30. Rd1 c5 31. Rc4 a5 32. Ne1 Ba6 33. Rc3 a4 34. bxa4 c4 35. Rd2 f4 36. f3 Rb4 37. Ra3 Re5 38. Kf2 Re3 39. a5 Rb3 40. Rxb3 cxb3 41. Re2 Rxe2+ 42. Kxe2 Kf6 43. Kd2 Ke5 44. Kc3 Kd5 45. Kxb3 Kc5 46. Kc3 Bb7 47. b4+ Kd5 48. Nc2 h5 49. Nd4 g5 50. Nf5 Ke6 51. Nd4+ Kd5 52. Nb3 g4 53. fxg4 hxg4 54. hxg4 Ke5 55. d4+ Kd5 56. Nd2 Kd6 57. Nf3 Ke6 58. Kd3 Ba6+ 59. Ke4 Bc4 60. Kxf4 Kf6 61. g5+ Kg6 62. Ne5+ Kg7 63. Nxc4 Kh7 64. a6 Kg6 65. a7 Kh5 66. a8Q Kg6 67. Ne5+ Kg7 68. Qb7+ Kg8 69. Qf7+ Kh8 70. Ng6# 1-0

[Event "Quebec-ch U12"]
[Site "Montreal"]
[Date "2018.01.14"]
[Round "4"]
[White "Liu, Daniel Orejuela"]
[Black "Jain, Ankita"]
[Result "1-0"]
[WhiteElo "1134"]
[BlackElo "1264"]
[PlyCount "105"]
[EventDate "2018.01.12"]
[EventType "swiss"]
[EventRounds "5"]
[EventCountry "CAN"]
[SourceTitle "EXT 2022"]
[Source "ChessBase"]
[SourceDate "2021.10.06"]
[SourceVersion "1"]
[SourceVersionDate "2021.10.06"]
[SourceQuality "1"]

1. e4 e5 2. Nf3 Nc6 3. Bc4 Nf6 4. Ng5 d5 5. exd5 Na5 6. Bb5+ c6 7. dxc6 Nxc6 8. Bc4 Be6 9. Bxe6 fxe6 10. Nxe6 Qe7 11. Nxf8 Rxf8 12. d3 Qd6 13. Nc3 Rd8 14. Bg5 Qd4 15. Qe2 Qd6 16. 0-0-0 Nd4 17. Qd2 Rd7 18. Rhe1 Ng4 19. f4 Nc6 20. h3 Nf6 21. fxe5 Nxe5 22. Bf4 Re7 23. d4 Nfd7 24. Bxe5 Nxe5 25. Rxe5 Rxe5 26. dxe5 Qxd2+ 27. Rxd2 Rf1+ 28. Nd1 Re1 29. Rd3 Rxe5 30. Re3 Rxe3 31. Nxe3 Kf7 32. g4 Kf6 33. h4 Ke5 34. Ng2 Ke4 35. c4 Kd4 36. b3 Ke4 37. Kd2 Kf3 38. Ne3 Kg3 39. h5 Kh4 40. Kd3 g6 41. hxg6 hxg6 42. Kd4 Kg5 43. Ke5 Kh6 44. Kf6 Kh7 45. g5 Kg8 46. Kxg6 b5 47. Kf6 bxc4 48. bxc4 a5 49. g6 a4 50. g7 a3 51. Nd5 Kh7 52. Kf7 Kh6 53. g8Q 1-0

[Event "Quebec-ch U12"]
[Site "Montreal"]
[Date "2018.01.13"]
[Round "2"]
[White "Roy, Benjamin"]
[Black "Jain, Ankita"]
[Result "0-1"]
[WhiteElo "1133"]
[BlackElo "1264"]
[PlyCount "40"]
[EventDate "2018.01.12"]
[EventType "swiss"]
[EventRounds "5"]
[EventCountry "CAN"]
[SourceTitle "EXT 2022"]
[Source "ChessBase"]
[SourceDate "2021.10.06"]
[SourceVersion "1"]
[SourceVersionDate "2021.10.06"]
[SourceQuality "1"]

1. d4 Nf6 2. c4 e5 3. dxe5 Ng4 4. Nf3 Nc6 5. Qd5 Nb4 6. Qe4 d5 7. exd6+ Be6 8. dxc7 Qd1+ 9. Kxd1 Nxf2+ 10. Kd2 Nxe4+ 11. Ke3 f5 12. Na3 Bc5+ 13. Kf4 Bd6+ 14. Ke3 Bxc7 15. Bd2 Bb6+ 16. Nd4 Nc6 17. Nab5 Bxc4 18. a4 Bxb5 19. axb5 Nxd4 20. Kf4 Nb3 0-1

[Event "Montreal Pere Noel"]
[Site "Montreal"]
[Date "2017.12.30"]
[Round "4.15"]
[White "Jain, Ankita"]
[Black "Chang, Alexander Rz"]
[Result "0-1"]
[WhiteElo "1264"]
[BlackElo "1953"]
[PlyCount "94"]
[EventDate "2017.12.27"]
[EventType "swiss"]
[EventRounds "5"]
[EventCountry "CAN"]
[SourceTitle "EXT 2022"]
[Source "ChessBase"]
[SourceDate "2021.10.06"]
[SourceVersion "1"]
[SourceVersionDate "2021.10.06"]
[SourceQuality "1"]

1. e4 e5 2. Nf3 Nc6 3. Bc4 Nf6 4. d3 Bc5 5. Nc3 h6 6. h3 0-0 7. Ne2 d6 8. Ng3 Be6 9. Bb3 Ne7 10. c3 Ng6 11. Bd2 c6 12. 0-0 d5 13. Qc2 Qc7 14. Rae1 Rfe8 15. d4 dxe4 16. Nxe4 Nxe4 17. Qxe4 Bxb3 18. axb3 exd4 19. Qd3 dxc3 20. Bxc3 Rxe1 21. Rxe1 Qg3 22. Bd4 Qxg2+ 23. Kxg2 Nf4+ 24. Kh2 Nxd3 25. Bxc5 Nxc5 26. Nd2 Nd3 27. Re7 b6 28. Rc7 c5 29. Ne4 a6 30. Rd7 Nb4 31. Rb7 Nd5 32. Nc3 Nxc3 33. bxc3 b5 34. Rc7 a5 35. Rxc5 a4 36. Rxb5 a3 37. Rb4 a2 38. Ra4 Rxa4 39. bxa4 a1Q 40. a5 Qxa5 41. c4 Qc7+ 42. Kg2 Qxc4 43. f4 Qxf4 44. h4 Qxh4 45. Kf1 Qh2 46. Ke1 f5 47. Kd1 Kf7 0-1

[Event "Quebec-ch U19 Girls"]
[Site "Montreal"]
[Date "2017.02.11"]
[Round "3.3"]
[White "Jain, Ankita"]
[Black "Tsukerman, Julia"]
[Result "0-1"]
[WhiteElo "1160"]
[BlackElo "1550"]
[PlyCount "76"]
[EventDate "2017.02.10"]
[EventType "swiss"]
[EventRounds "5"]
[EventCountry "CAN"]
[SourceTitle "EXT 2022"]
[Source "ChessBase"]
[SourceDate "2021.10.06"]
[SourceVersion "1"]
[SourceVersionDate "2021.10.06"]
[SourceQuality "1"]
[WhiteTeam "Canada"]
[BlackTeam "Canada"]
[WhiteTeamCountry "CAN"]
[BlackTeamCountry "CAN"]

1. e4 c5 2. Nf3 d6 3. Nc3 Nf6 4. h3 e6 5. d3 Be7 6. Be2 0-0 7. 0-0 Nc6 8. Bg5 a6 9. Bxf6 Bxf6 10. Qd2 b5 11. Rab1 Bb7 12. a3 Re8 13. Rfe1 d5 14. exd5 exd5 15. Nd1 d4 16. c3 Ne5 17. Nxe5 Rxe5 18. b4 Rc8 19. Rc1 cxb4 20. cxb4 Rxc1 21. Qxc1 Bg5 22. f4 Qd5 23. Ne3 Rxe3 24. Bf3 Qe6 25. Rxe3 dxe3 26. Bxb7 e2 27. Kf2 Bh4+ 28. g3 Bxg3+ 29. Kg2 e1Q 30. Qxe1 Qxe1 31. Kf3 Qf2+ 32. Ke4 Qxf4+ 33. Kd5 Qd6+ 34. Ke4 Qe5+ 35. Kf3 Qf4+ 36. Ke2 Qf2+ 37. Kd1 Bf4 38. d4 Qd2# 0-1